000 01319nam0a2200289 4500
001 RU\NLR\BIBL_A\011312391
005 20260406095253.0
010 _a978-5-298-03226-1
_92500
021 _aRU
_b2016-88516
_95820
035 _a(NLR Aleph) 011312391
090 _a11028263
_c11028263
100 _a20170119d2016 m y0rusy50 ca
101 0 _atat
102 _aRU
105 _ac z 000 y
200 1 _aТаллыкүлдә былбыл бар
_eповестьлар, хикәяләр
_fАйгөл Әхмәтгалиева
210 _aКазан
_cТатар. кит. нәшр.
_d2016
215 _a285,[2] б.
_cпортр.
_d21
300 _aВ вып. дан. авт.: Ахметгалиева Айгуль (Муллагалиева Айгуль Габдулловна).
541 1 _6z01790
_aСоловей озера Таллыкуль
_e[повести, рассказы].
_zrus
686 1 _aШ6(2=Тат)7-4
700 1 _4070
_8tat
_7ca
_aӘхмәтгалиева
_bА. Г. кызы
_f1973-
_gАйгөл Габдулла кызы
_3RU\NLR\auth-onl\771242
_9131297
790 1 _4070
_7ca
_8rus
_aАхметгалиева
_bА. Г.
_f1973-
_gАйгуль Габдулловна
_3RU\NLR\AUTH\770287684
_92689657
852 _aNLR
_bОНЛ
_jТатар./3-14889
942 _cBOOK
980 _aNB